Normal view
MARC view
Entry Topical Term
001 - CONTROL NUMBER
- control field: 5221
003 - CONTROL NUMBER IDENTIFIER
- control field: OSt
005 - DATE AND TIME OF LATEST TRANSACTION
- control field: 20150813123350.0
008 - FIXED-LENGTH DATA ELEMENTS
- fixed length control field: 150813|| aca||aabn | a|a d
040 ## - CATALOGING SOURCE
- Original cataloging agency: OSt
- Transcribing agency: OSt
150 ## - HEADING--TOPICAL TERM
- Topical term or geographic name entry element: Linguistics
670 ## - SOURCE DATA FOUND
- Source citation: Work cat.: (OSt)5700: Kachru, B. 5220, The Idnianization of English, 1983









